Dung sai và chuỗi kích thước trong thiết kế

Sách gồm có 4 chương: Chương 1 giới thiệu các khái niệm và định nghĩa cơ bản về dung sai lắp ghép và hệ thống dung sai quốc tế ISO. Chương 2 giới thiệu cách sử dụng dung sai và lắp ghép trong thiết kế, có bảng dung sai lắp ghép theo các tiê...

Celý popis

Uloženo v:
Podrobná bibliografie
Hlavní autor: Hà, Văn Vui
Médium: Kniha
Jazyk:Undetermined
Vydáno: Hà Nội Khoa học và Kỹ thuật 1973
Témata:
Tagy: Přidat tag
Žádné tagy, Buďte první, kdo otaguje tento záznam!
Thư viện lưu trữ: Trung tâm Học liệu Trường Đại học Cần Thơ
LEADER 01486nam a2200193Ia 4500
001 CTU_17423
008 210402s9999 xx 000 0 und d
082 |a 621.811 
082 |b V510 
100 |a Hà, Văn Vui 
245 0 |a Dung sai và chuỗi kích thước trong thiết kế 
245 0 |c Hà Văn Vui 
260 |a Hà Nội 
260 |b Khoa học và Kỹ thuật 
260 |c 1973 
520 |a Sách gồm có 4 chương: Chương 1 giới thiệu các khái niệm và định nghĩa cơ bản về dung sai lắp ghép và hệ thống dung sai quốc tế ISO. Chương 2 giới thiệu cách sử dụng dung sai và lắp ghép trong thiết kế, có bảng dung sai lắp ghép theo các tiêu chuẩn Nhà nước Việt Nam và bảng đối chiếu với các tiêu chuẩn quốc tế ISO. Chương 3 giới thiệu về sai lệch hình dáng và vị trí của các bề mặt. Chương 4 giới thiệu về nhám bề mặt và cách lựa chọn cấp độ nhẵn bề mặt trong thiết kế. Chương 5 giới thiệu về chuỗi kích thước, trình tự xây dựng các chuỗi kích thước và một số ví dụ điển hình 
650 |a Tolerance ( engineering ) 
904 |i Minh, Hải 
980 |a Trung tâm Học liệu Trường Đại học Cần Thơ